00955 2200265 4500001002100000005001700021008004100038035002400079082001600103090002100119245017400140260015200314300002800466500002700494650003600521700001700557700002400574700002000598850001200618980001100630985000600641986001200647999001500659999001500674YOGYA-0209000002532420090227023935.0 ind  0010-020900000025324 a390.959 811 a390.959 811bUpa aAPACARA tradisional dalam kaitanya dengan peristiwa alam dan kepercayaan Propinsi Daerah Istimewa AcehcRazali Umar...[et al.]; editor Tatiek Kartikasari, H. Ahmad yunus aJakartabDepartemen Pendidikan dan Kebudayaan Pusat Penelitian Sejarah dan Budaya Proyek Inventarisasi dan Dokumentasi Kebudayaan Daerahc1986/1987 ax, 115 hlmbilusc23 cm aBibliografi : hlm. 115 aTata krama dan kebiasaan - Aceh aUmar, Razali aKartikasari, Tatiek aYunus, H. Ahmad aYOPDYOG a161206 a2 aida-pkl a06A0018895 a06A0018896